000 01154nam a2200217Ia 4500
003 Ost
005 20260416102353.0
008 260416s9999||||xx |||||||||||||| ||und||
040 _cfsecg
041 _aara
082 _a657.46
100 _aزرموت، خالد
_eمؤلف
245 0 _aمحاضرات في المحاسبة التحليلية /
_c خالد زرموت
260 _aالجزائر
_bجامعة الجزائر3: كلية العلوم الإقتصادية، العلوم التجارية وعلوم التسيير
_c2018
300 _a96 ورقة
_bايضاحات
_c30 سم
504 _aمراجع ص.94
520 _aالاطار المفاهيمي للمحاسبة التحليلية،تقييم المخزونات ومحاسبة المواد، تحميل التكاليف وفق طريقة التكلفة الكلية، بعض العناصر الأخرى المحددة لسعر التكلفة.
653 _aالمحاسبة التحليلية
710 _aجامعة الجزائر3: كلية العلوم الإقتصادية، العلوم التجارية وعلوم التسيير
_eناشر علمي
942 _cHANDOUT
999 _c41080
_d41080